| 000 | 00600nam a22001697a 4500 | ||
|---|---|---|---|
| 005 | 20241125200118.0 | ||
| 008 | 241125b |||||||| |||| 00| 0 eng d | ||
| 020 | _a9780030226571 | ||
| 050 |
_aQC23 _b.S46 |
||
| 100 | _aSerway, Raymond A. | ||
| 245 |
_aPhysics/ _bfor scientists and engineers with modern physics _cRaymond A. Serway & Robert J. Beichner, contributed by John W. Jewett Jr. |
||
| 250 | _a5th ed. | ||
| 260 |
_aFort Worth _bSaunders College Publishing _c2000 |
||
| 300 |
_axxxi.1551. various paging _bill. some color _c26cm |
||
| 700 | _aBeichner, Robert J. | ||
| 942 |
_2lcc _cBK _e5th ed. _n0 |
||
| 999 |
_c1548 _d1548 |
||